<?xml version="1.0" encoding="UTF-8"?>
<record
    xmlns:xsi="http://www.w3.org/2001/XMLSchema-instance"
    xsi:schemaLocation="http://www.loc.gov/MARC21/slim http://www.loc.gov/standards/marcxml/schema/MARC21slim.xsd"
    xmlns="http://www.loc.gov/MARC21/slim">

  <leader>00548nam a22001577a 4500</leader>
  <datafield tag="952" ind1=" " ind2=" ">
    <subfield code="0">0</subfield>
    <subfield code="1">0</subfield>
    <subfield code="2">ddc</subfield>
    <subfield code="4">0</subfield>
    <subfield code="7">0</subfield>
    <subfield code="8">NFIC</subfield>
    <subfield code="a">ASL</subfield>
    <subfield code="b">ASL</subfield>
    <subfield code="c">GEN</subfield>
    <subfield code="d">2021-10-06</subfield>
    <subfield code="e">ASB Library Collection</subfield>
    <subfield code="h">U-0121</subfield>
    <subfield code="l">0</subfield>
    <subfield code="o">297 HAL</subfield>
    <subfield code="p">112267</subfield>
    <subfield code="r">2021-10-06 00:00:00</subfield>
    <subfield code="t">C-1</subfield>
    <subfield code="w">2021-10-06</subfield>
    <subfield code="y">BK</subfield>
  </datafield>
  <datafield tag="999" ind1=" " ind2=" ">
    <subfield code="c">26255</subfield>
    <subfield code="d">26255</subfield>
  </datafield>
  <controlfield tag="003">BDDh-ASL</controlfield>
  <controlfield tag="005">20231015030624.0</controlfield>
  <controlfield tag="008">211006n        xx ||||| |||| 00| 0 u   d</controlfield>
  <datafield tag="040" ind1=" " ind2=" ">
    <subfield code="a">BDDh-ASL</subfield>
    <subfield code="c">BDDh-ASL</subfield>
  </datafield>
  <datafield tag="082" ind1=" " ind2=" ">
    <subfield code="a">297</subfield>
    <subfield code="b">HAL </subfield>
  </datafield>
  <datafield tag="245" ind1="0" ind2="0">
    <subfield code="a">Hall Mufassalat Fi Masael Mushkilat-ul Fiqh : / &#x62D;&#x644; &#x645;&#x641;&#x635;&#x644;&#x627;&#x62A; &#x641;&#x64A; &#x645;&#x633;&#x627;&#x200F;&#x626;&#x644; &#x645;&#x634;&#x6A9;&#x644;&#x627;&#x62A; &#x627;&#x644;&#x641;&#x642;&#x6C1; </subfield>
  </datafield>
  <datafield tag="300" ind1=" " ind2=" ">
    <subfield code="a">122 p. : </subfield>
    <subfield code="c">17 cm. </subfield>
  </datafield>
  <datafield tag="505" ind1=" " ind2=" ">
    <subfield code="a">Colophon Missing. This Book Contains a collection of Fatwa In traditional Question-Answer Pattern </subfield>
  </datafield>
  <datafield tag="650" ind1=" " ind2="0">
    <subfield code="9">1652</subfield>
    <subfield code="a">Islam </subfield>
  </datafield>
  <datafield tag="942" ind1=" " ind2=" ">
    <subfield code="2">ddc</subfield>
    <subfield code="c">BK</subfield>
  </datafield>
</record>
